José Filgueira Valverde en la prensa de Madrid (Record no. 186172)

MARC details
000 -LEADER
campo de control de longitud fija 01081nam a2200253 i 4500
001 - NÚMERO DE CONTROL
campo de control 186172
003 - IDENTIFICADOR DE NÚMERO DE CONTROL
campo de control ES-MaACL
005 - FECHA Y HORA DE LA ÚLTIMA TRANSACCIÓN
campo de control 20251114131554.0
008 - DATOS DE LONGITUD FIJA--INFORMACIÓN GENERAL
campo de control de longitud fija 160914s2016 sp ac |||| |bspa d
080 ## - NÚMERO DE LA CLASIFICACIÓN DECIMAL UNIVERSAL
Número de la Clasificación Decimal Universal 821.134.4-82"19"
100 1# - ENTRADA PRINCIPAL--NOMBRE DE PERSONA
Nombre de persona Filgueira Valverde, José,
Fechas asociadas al nombre 1906-1996
9 (RLIN) 50833
245 10 - MENCIÓN DEL TÍTULO
Título José Filgueira Valverde en la prensa de Madrid
Resto del título : (artículos en ABC y Ya) /
Mención de responsabilidad, etc. edición de Luis Alonso Girgado, Laura Piñeiro Pais, Noelia Estévez Rionegro ; colaboración de Xurxo Martínez González.
260 ## - PUBLICACIÓN, DISTRIBUCIÓN, ETC.
Lugar de publicación, distribución, etc. [Santiago de Compostela] :
Nombre del editor, distribuidor, etc. Follas Novas :
-- Compostellanum,
Fecha de publicación, distribución, etc. [2016]
300 ## - DESCRIPCIÓN FÍSICA
Extensión 212 p. :
Otras características físicas il., retr. ;
Dimensiones 22 cm.
490 1# - MENCIÓN DE SERIE
Mención de serie Compostellanum.
-- Subsidia ;
Designación de volumen o secuencia 3
504 ## - NOTA DE BIBLIOGRAFÍA, ETC.
Nota de bibliografía, etc. Bibliografía: p. 199-212.
600 17 - PUNTO DE ACCESO ADICIONAL DE MATERIA--NOMBRE DE PERSONA
Nombre de persona Filgueira Valverde, José,
Fechas asociadas al nombre 1906-1996
Fuente del encabezamiento o término embne
9 (RLIN) 50833
700 1# - ENTRADA AGREGADA--NOMBRE PERSONAL
Nombre de persona Alonso Girgado, Luis,
Fechas asociadas al nombre 1946-
9 (RLIN) 20332
700 1# - ENTRADA AGREGADA--NOMBRE PERSONAL
Nombre de persona Piñeiro Pais, Laura.
9 (RLIN) 160858
830 0# - PUNTO DE ACCESO ADICIONAL DE SERIE-TÍTULO UNIFORME
Título uniforme Compostellanum.
-- Subsidia ;
Designación de volumen o secuencia 3
9 (RLIN) 225361
852 ## - LOCALIZACIÓN
Ubicación ES-MaACL
Número de control de estantería A-13894
itemnumber 193225
Sublocalización o colección R.151171
Ubicación en estantería Depósito 1
Signatura antigua Olim: N-6894
942 ## - ELEMENTOS DE ENTRADA SECUNDARIOS (KOHA)
Fuente del sistema de clasificación o colocación Clasificación decimal universal
Holdings
Estatus retirado Estado de pérdida Fuente del sistema de clasificación o colocación Estado de daño No para préstamo Biblioteca de origen Biblioteca actual Ubicación en estantería Fecha de adquisición Fuente de adquisición Total de préstamos Signatura topográfica completa Código de barras Visto por última vez Precio de reemplazo Tipo de ítem Koha
    Clasificación decimal universal     Biblioteca del Ateneo de Madrid Biblioteca del Ateneo de Madrid Depósito 1 14/09/2016 Donación   A-13894 1196282 23/02/2023 23/02/2023 Libro impreso